Statistics for The Epik Quez

Click here to take the quiz!

General Stats

  • This quiz has been taken 20 times
    (12 since last reset)
  • The average score is 26 of 31

Answer Stats

% Correct
Any Number in Pi1, 2, 3, 4, 5, 6, 7, 8, 9, 0
100%
2 + 2?4
100%
Vowela, e, i, o, u
100%
How many genders are there?As many as you want there to be :)
100%
Third letter in "Uzbekistan"B
100%
Yes or No:Good Answer!
100%
apple phoneiphone
100%
Is the sky blue?It's a disc.
100%
Name of this WebsiteJetPunk
100%
Day of the WeekMonday, Tuesday, Wednesday, Thursday, Friday, Saturday, Sunday
100%
my will to livenon-existent
100%
Barack Obama's Last NameObama
100%
Racecar BackwardsRacecar
100%
Finish the sentence:Thank you :)
100%
2 = 2?Yes
100%
Is this a fun quiz?Your opinion doesn't matter :)
100%
What is Eminem?yummy
100%
what question is this22
80%
WHERE AM I?behind you
80%
this question will only answer to "cool"cool
80%
What is Julius Caesar?Dead
80%
day of the week i got my body pillowfriday
80%
imposible queston: are you?i am
80%
why is floyd pink?idk
80%
what is hairy poterwizard
80%
will you give this 1 star?yes
80%
HintAnswer
60%
name metallica one songone
60%
According to Statistics released by BioWare, which Mass Effect Character is the most likely to survive the Suicide Mission in Mass Effect: Legendary Edition?Garrus Vakarian
40%
first 10 words of the vaporeon copypastahey guys did you know that in terms of male
40%
my usar number1385077
20%

Score Distribution

Percentile by Number Answered

Percent of People with Each Score

Your Score History

You have not taken this quiz since the last reset